Gidravličeskoje modelirovanije

Gespeichert in:
Bibliographische Detailangaben
Hauptverfasser: Ljatcher, V.M (Verfasst von), Prudovskij, A.M (Verfasst von)
Format: Buch
Sprache:Russisch
Veröffentlicht: Moskva : Energoatomizdat, 1984
Ausgabe:1. vyd.
Tags: Tag hinzufügen
Keine Tags, Fügen Sie das erste Tag hinzu!

MARC

LEADER 00000nam a22000003a 4500
001 stu85451
005 20150617225632.9
008 040330s1984----xxr-----------------rus-d
040 |a STU  |b slo 
041 0 |a rus 
044 |a xxr 
080 |a 532.5.072.12  |7 stu_us_auth*stu446 
100 1 |a Ljatcher, V.M.  |4 aut 
245 1 |a Gidravličeskoje modelirovanije 
250 |a 1. vyd. 
260 |a Moskva :  |b Energoatomizdat,  |c 1984 
300 |a 390 s 
700 1 |a Prudovskij, A.M.  |4 aut 
996 |c V*31602/O-12863  |l VV17  |s P  |a 0  |w stu85451_0001